| 000 | 00600nam a2200217 a 4500 | ||
|---|---|---|---|
| 001 | 60324 | ||
| 003 | BD-RjUL | ||
| 005 | 20211209080827.0 | ||
| 008 | 161229s1962 ilua 00000 eng | ||
| 035 | _a(BD-RjUL)60448 | ||
| 040 |
_aDLC _cDLC _dm.c. _dBD-RjUL _beng |
||
| 041 | _aeng | ||
| 082 |
_223 _a338.52 _bFRP 1962 |
||
| 100 | 1 |
_aFriedman, Milton, _d1912-2006. _9172951 |
|
| 245 | 1 | 0 |
_aPrice theory / _cMilton, Friedman |
| 260 |
_aChicago : _bAldine Pub. Co. , _cc1962 |
||
| 300 |
_a285 p. ; _bill. ; _c27 cm. |
||
| 650 | 0 |
_aPrices _9173108 |
|
| 650 | 0 |
_aMicroeconomics. _9172724 |
|
| 942 |
_2ddc _cBK |
||
| 999 |
_c60324 _d60324 |
||